Southville International School and Colleges
Your cart is empty.
  • Cart
  • Lists
    Public lists Eva Luna New books Lux_list list_1
    Your lists Log in to create your own lists
  • Log in to your account
  • Your cookies
  • Search history
Southville International School and Colleges
  • Advanced search
  • Recent comments
  • Most popular
  • Libraries

Log in to your account

Log in with GOOGLE


If you do not have an external account, but do have a local account, you can still log in:

  1. Home
  2. MARC view: Brothers :
Normal view MARC view ISBD view

Brothers : (Record no. 288573)

[ view plain ]
MARC details
000 -LEADER
fixed length control field 01943cam a2200445 a 4500
001 - CONTROL NUMBER
control field 14724711
003 - CONTROL NUMBER IDENTIFIER
control field PILC
005 - DATE AND TIME OF LATEST TRANSACTION
control field 20150902085440.0
008 - FIXED-LENGTH DATA ELEMENTS--GENERAL INFORMATION
fixed length control field 070205s2007 nyua b 001 0deng
010 ## - LIBRARY OF CONGRESS CONTROL NUMBER
LC control number 2007005119
020 ## - INTERNATIONAL STANDARD BOOK NUMBER
International Standard Book Number 9780743269193
020 ## - INTERNATIONAL STANDARD BOOK NUMBER
International Standard Book Number 0743269195
040 ## - CATALOGING SOURCE
Original cataloging agency DLC
Transcribing agency DLC
Modifying agency DLC
043 ## - GEOGRAPHIC AREA CODE
Geographic area code n-us---
050 00 - LIBRARY OF CONGRESS CALL NUMBER
Classification number E 841
Item number .T29 2007
082 00 - DEWEY DECIMAL CLASSIFICATION NUMBER
Classification number 973.922
100 1# - MAIN ENTRY--PERSONAL NAME
Personal name Talbot, David,
Dates associated with a name 1951-
245 10 - TITLE STATEMENT
Title Brothers :
Remainder of title the hidden history of the Kennedy years /
Statement of responsibility, etc David Talbot.
250 ## - EDITION STATEMENT
Edition statement 1st Free Press hardcover ed.
260 ## - PUBLICATION, DISTRIBUTION, ETC. (IMPRINT)
Place of publication, distribution, etc New York :
Name of publisher, distributor, etc Free Press,
Date of publication, distribution, etc 2007.
300 ## - PHYSICAL DESCRIPTION
Extent xiv, 478 pages :
Other physical details illustrations ;
Dimensions 24 cm.
500 ## - GENERAL NOTE
General note Includes bibliographical references and index.
600 10 - SUBJECT ADDED ENTRY--PERSONAL NAME
Personal name Kennedy, John F.
Fuller form of name (John Fitzgerald),
Dates associated with a name 1917-1963.
600 10 - SUBJECT ADDED ENTRY--PERSONAL NAME
Personal name Kennedy, Robert F.,
Dates associated with a name 1925-1968.
600 10 - SUBJECT ADDED ENTRY--PERSONAL NAME
Personal name Kennedy, John F.
Fuller form of name (John Fitzgerald),
Dates associated with a name 1917-1963
General subdivision Assassination.
650 #0 - SUBJECT ADDED ENTRY--TOPICAL TERM
Topical term or geographic name as entry element National security
Geographic subdivision United States
General subdivision History
Chronological subdivision 20th century.
650 #0 - SUBJECT ADDED ENTRY--TOPICAL TERM
Topical term or geographic name as entry element Conspiracies
Geographic subdivision United States
General subdivision History
Chronological subdivision 20th century.
650 #0 - SUBJECT ADDED ENTRY--TOPICAL TERM
Topical term or geographic name as entry element Presidents
Geographic subdivision United States
Form subdivision Biography.
650 #0 - SUBJECT ADDED ENTRY--TOPICAL TERM
Topical term or geographic name as entry element Attorneys general
Geographic subdivision United States
Form subdivision Biography.
650 #0 - SUBJECT ADDED ENTRY--TOPICAL TERM
Topical term or geographic name as entry element Presidential candidates
Geographic subdivision United States
Form subdivision Biography.
651 #0 - SUBJECT ADDED ENTRY--GEOGRAPHIC NAME
Geographic name United States
General subdivision Politics and government
Chronological subdivision 1961-1963.
651 #0 - SUBJECT ADDED ENTRY--GEOGRAPHIC NAME
Geographic name United States
General subdivision Politics and government
Chronological subdivision 1963-1969.
856 41 - ELECTRONIC LOCATION AND ACCESS
Materials specified Table of contents only
Uniform Resource Identifier <a href="http://www.loc.gov/catdir/toc/ecip0710/2007005119.html">http://www.loc.gov/catdir/toc/ecip0710/2007005119.html</a>
856 42 - ELECTRONIC LOCATION AND ACCESS
Materials specified Publisher description
Uniform Resource Identifier <a href="http://www.loc.gov/catdir/enhancements/fy0710/2007005119-d.html">http://www.loc.gov/catdir/enhancements/fy0710/2007005119-d.html</a>
856 41 - ELECTRONIC LOCATION AND ACCESS
Materials specified Sample text
Uniform Resource Identifier <a href="http://www.loc.gov/catdir/enhancements/fy0827/2007005119-s.html">http://www.loc.gov/catdir/enhancements/fy0827/2007005119-s.html</a>
856 42 - ELECTRONIC LOCATION AND ACCESS
Materials specified Contributor biographical information
Uniform Resource Identifier <a href="http://www.loc.gov/catdir/enhancements/fy0904/2007005119-b.html">http://www.loc.gov/catdir/enhancements/fy0904/2007005119-b.html</a>
906 ## - LOCAL DATA ELEMENT F, LDF (RLIN)
a 7
b cbc
c orignew
d 1
e ecip
f 20
g y-gencatlg
942 ## - ADDED ENTRY ELEMENTS (KOHA)
Source of classification or shelving scheme Library of Congress Classification
Koha item type Books
Holdings
Withdrawn status Lost status Source of classification or shelving scheme Damaged status Home library Current library Shelving location Date acquired Source of acquisition Sub Shelving location Total Checkouts Full call number Barcode Date last seen Price effective from Koha item type
    Library of Congress Classification   College Library College Library Fiction Section 09/02/2015 Donation     E 841 .T29 2007 C19879 05/08/2018 09/02/2015 Books

Brothers :

APA

Talbot D., . (2007). Brothers. New York: Free Press.

Chicago

Talbot David, . 2007. Brothers. New York: Free Press.

Harvard

Talbot D., . (2007). Brothers. New York: Free Press.

MLA

Talbot David, . Brothers. New York: Free Press. 2007.

  • Place hold
  • Print
  • Cite
  • Add to your cart (remove)
  • Save record
    BIBTEX Dublin Core MARCXML MARC (non-Unicode/MARC-8) MARC (Unicode/UTF-8) MARC (Unicode/UTF-8, Standard) MODS (XML) RIS
  • More searches
    Search for this title in:
    Other Libraries (WorldCat) Other Databases (Google Scholar) Online Stores (Bookfinder.com) Open Library (openlibrary.org)

Exporting to Dublin Core...

SOUTHVILLE LIBRARY

Southville International School and Colleges Library

1281 Tropical Ave. Cor. Luxembourg St., BF Homes International, Las Pinas City

Tel. No. 8256374 / 252358 Loc. 117/146

Powered by Koha